000 00676nam a2200229Ia 4500
003 OSt
005 20220925211106.0
006 a|||||r|||| 00| 0
007 ta
008 220923b |||||||| |||| 00| 0 eng d
037 _cGeneral Book
040 _aRTL
_cRTL
_beng
041 _2eng
_aeng
082 _aX:770gT.2.N8, M8
100 _aRao T V
_9126422
245 0 _aAlternative approaches and strategies of human resources development
260 _aJaipur
_bRawat Publications India
_c1988
300 _axxv,405p.
_ccm.
650 _aEconomic Development
_917300
942 _hX:770gT.2.N8, M8
_cGB
_2CC
999 _c556705
_d556705